The fiscal reforms that work (Record no. 63164)

MARC details
000 -LEADER
fixed length control field 00848nam a2200193 a 4500
008 - FIXED-LENGTH DATA ELEMENTS--GENERAL INFORMATION
fixed length control field 161014s1996 ||||||||||||||||| || u
020 ## - INTERNATIONAL STANDARD BOOK NUMBER
International Standard Book Number 1557756244
050 ## - LIBRARY OF CONGRESS CALL NUMBER
Classification number IMF(08)EI/4A
100 ## - MAIN ENTRY--PERSONAL NAME
Personal name McDermott C. John
245 14 - TITLE STATEMENT
Title The fiscal reforms that work
Statement of responsibility, etc. By C.John McDermott [and] Robert F. Wescott
260 ## - PUBLICATION, DISTRIBUTION, ETC.
Place of publication, distribution, etc. Washington, D.C.
Name of publisher, distributor, etc. International Monetary Fund
Date of publication, distribution, etc. 1996
300 ## - PHYSICAL DESCRIPTION
Extent iii, 12p.: ill.
650 ## - SUBJECT ADDED ENTRY--TOPICAL TERM
Topical term or geographic name entry element FISCAL REFORMS
650 ## - SUBJECT ADDED ENTRY--TOPICAL TERM
Topical term or geographic name entry element PUBLIC SPENDING
650 ## - SUBJECT ADDED ENTRY--TOPICAL TERM
Topical term or geographic name entry element FISCAL CONSOLIDATION--FACTORS
650 ## - SUBJECT ADDED ENTRY--TOPICAL TERM
Topical term or geographic name entry element ECONOMIC STABILIZATION--DEVELOPING COUNTRIES
995 ## -
-- SPECIAL COLLECTIONS
-- 2687
-- CBU-MAIN LIBRARY (Kitwe)
-- IMF(08)EI/4A
-- 1
-- AVAILABLE
-- Oct 21, 2016
-- B2687
-- International Publications
995 ## -
-- SPECIAL COLLECTIONS
-- 2688
-- CBU-MAIN LIBRARY (Kitwe)
-- IMF(08)EI/4B
-- 2
-- AVAILABLE
-- Oct 21, 2016
-- B2688
-- International Publications
999 ## -
-- 63164
-- 63164
Holdings
Withdrawn status Lost status Source of classification or shelving scheme Damaged status Not for loan Permanent Location Current Location Shelving location Date acquired Total Checkouts Full call number Barcode Date last seen Price effective from Koha item type
          CBU-MAIN LIBRARY, KITWE. CBU-MAIN LIBRARY, KITWE.   12/24/2022   IMF(08)EI/4A B2687 12/24/2022 12/24/2022 MONOGRAPH
          CBU-MAIN LIBRARY, KITWE. CBU-MAIN LIBRARY, KITWE.   12/24/2022   IMF(08)EI/4A B2688 12/24/2022 12/24/2022 MONOGRAPH